[Event "8. Arber-Schachopen 2019"]
[Site "Bodenmais"]
[Date "2019.08.04"]
[Round "9.21"]
[White "Gruettner, Ralf"]
[Black "Vennemann, Juergen"]
[Result "1-0"]
[WhiteElo "2118"]
[BlackElo "1925"]
[Annotator "NA"]
[PlyCount "81"]
[EventDate "2019.07.27"]
[EventCountry "GER"]
[SourceTitle "playchess.com"]
[Source "ChessBase"]
[SourceQuality "1"]
[TimeControl "40/5400+30:1800+30"]

1. e4 {[%emt 0:00:00]} c6 {[%emt 0:00:00]} 2. d4 {[%emt 0:00:00]} d5 {[%emt 0:00:00]} 3. exd5 {[%emt 0:00:00]} cxd5 {[%emt 0:00:00]} 4. c4 {[%emt 0:00:00]} Nf6 {[%emt 0:00:26]} 5. Nc3 {[%emt 0:00:00]} Nc6 {[%emt 0:00:47]} 6. Bg5 {[%emt 0:00:52]} Be6 {[%emt 0:00:32]} 7. Nf3 {[%emt 0:00:59]} g6 {[%emt 0:00:17]} 8. Bxf6 {[%emt 0:07:21]} exf6 {[%emt 0:00:10]} 9. c5 {[%emt 0:00:40]} Bg7 {[%emt 0:02:19]} 10. Bb5 {[%emt 0:00:47]} O-O {[%emt 0:00:53]} 11. h3 {[%emt 0:03:22]} Re8 {[%emt 0:01:04]} 12. O-O {[%emt 0:00:20]} g5 {[%emt 0:00:53]} 13. Nh2 {[%emt 0:04:57]} f5 {[%emt 0:12:10]} 14. Bxc6 {[%emt 0:08:31]} bxc6 {[%emt 0:00:09]} 15. b4 {[%emt 0:23:45]} Qf6 {[%emt 0:05:47]} 16. Nf3 {[%emt 0:01:10]} Qg6 {[%emt 0:11:25]} 17. Re1 {[%emt 0:03:05]} Bd7 {[%emt 0:00:22]} 18. Qd2 {[%emt 0:12:44]} h6 {[%emt 0:11:57]} 19. Rxe8+ {[%emt 0:02:00]} Rxe8 {[%emt 0:00:09]} 20. Re1 {[%emt 0:04:56]} Re4 {[%emt 0:03:41]} 21. Nxe4 {[%emt 0:02:36]} fxe4 {[%emt 0:00:15]} 22. Ne5 {[%emt 0:01:28]} Bxe5 {[%emt 0:00:25]} 23. dxe5 {[%emt 0:00:02]} Qf5 {[%emt 0:02:22]} 24. Qd4 {[%emt 0:01:27]} Kf8 {[%emt 0:01:43]} 25. Re3 {[%emt 0:00:39]} a6 {[%emt 0:00:40]} 26. Ra3 {[%emt 0:02:49]} Bc8 {[%emt 0:00:08]} 27. Re3 {[%emt 0:06:17]} Ke7 {[%emt 0:00:15]} 28. a4 {[%emt 0:01:28]} Ke6 {[%emt 0:05:10]} 29. f3 {[%emt 0:01:11]} Qxe5 {[%emt 0:00:44]} 30. Qxe5+ {[%emt 0:00:08]} Kxe5 {[%emt 0:00:05]} 31. fxe4 {[%emt 0:00:15]} dxe4 {[%emt 0:01:35]} 32. Rb3 {[%emt 0:03:40]} Kd4 {[%emt 0:01:29]} 33. Rb1 {[%emt 0:03:22]} e3 {[%emt 0:05:27]} 34. b5 {[%emt 0:02:44]} axb5 {[%emt 0:01:21]} 35. axb5 {[%emt 0:00:01]} cxb5 {[%emt 0:01:47]} 36. Rxb5 {[%emt 0:00:34]} Kc3 {[%emt 0:06:44]} 37. c6 {[%emt 0:00:30]} Ba6 {[%emt 0:10:47]} 38. Ra5 {[%emt 0:00:21]} e2 {[%emt 0:00:42]} 39. Kf2 {[%emt 0:00:11]} Kd2 {[%emt 0:00:06]} 40. Re5 {[%emt 0:00:41]} f6 {[%emt 0:08:04]} 41. Re7 {[%emt 0:30:16]} 1-0

[Event "8. Arber-Schachopen 2019"]
[Site "Bodenmais"]
[Date "2019.08.04"]
[Round "9.22"]
[White "Jergler, Karl-Heinz"]
[Black "Peglau, Mirjam"]
[Result "1-0"]
[WhiteElo "2094"]
[BlackElo "1759"]
[Annotator "NA"]
[PlyCount "83"]
[EventDate "2019.07.27"]
[EventCountry "GER"]
[SourceTitle "playchess.com"]
[Source "ChessBase"]
[SourceQuality "1"]
[TimeControl "40/5400+30:1800+30"]

1. e4 {[%emt 0:00:00]} c6 {[%emt 0:00:00]} 2. d4 {[%emt 0:00:00]} d5 {[%emt 0:00:00]} 3. e5 {[%emt 0:00:00]} Bf5 {[%emt 0:00:00]} 4. Nf3 {[%emt 0:00:00]} e6 {[%emt 0:00:00]} 5. Be2 {[%emt 0:00:00]} Nd7 {[%emt 0:00:00]} 6. O-O {[%emt 0:00:12]} h6 {[%emt 0:00:15]} 7. Nbd2 {[%emt 0:02:22]} Bh7 {[%emt 0:01:08]} 8. Re1 {[%emt 0:09:33]} Ne7 {[%emt 0:00:18]} 9. Nf1 {[%emt 0:00:18]} Nf5 {[%emt 0:01:00]} 10. Ne3 {[%emt 0:02:45]} Qb6 {[%emt 0:02:18]} 11. Nxf5 {[%emt 0:00:59]} Bxf5 {[%emt 0:00:04]} 12. c3 {[%emt 0:00:13]} c5 {[%emt 0:01:27]} 13. Bd3 {[%emt 0:24:44]} Bg4 {[%emt 0:05:53]} 14. Be2 {[%emt 0:07:26]} Rc8 {[%emt 0:02:56]} 15. Qa4 {[%emt 0:02:18]} c4 {[%emt 0:04:01]} 16. Nh4 {[%emt 0:02:23]} Bxe2 {[%emt 0:00:43]} 17. Rxe2 {[%emt 0:01:47]} Be7 18. Nf3 {[%emt 0:00:11]} a6 {[%emt 0:01:15]} 19. Be3 {[%emt 0:03:48]} Qc6 {[%emt 0:01:26]} 20. Qc2 {[%emt 0:00:19]} b5 {[%emt 0:00:13]} 21. a3 {[%emt 0:05:48]} Nb6 {[%emt 0:02:34]} 22. Ree1 {[%emt 0:02:52]} O-O {[%emt 0:00:26]} 23. Nd2 {[%emt 0:01:18]} a5 {[%emt 0:02:27]} 24. Qd1 {[%emt 0:00:26]} b4 {[%emt 0:01:25]} 25. axb4 {[%emt 0:00:13]} axb4 {[%emt 0:00:00]} 26. Qg4 {[%emt 0:00:15]} Kh7 {[%emt 0:00:58]} 27. Nf3 {[%emt 0:02:23]} Na4 {[%emt 0:02:11]} 28. Qh5 {[%emt 0:10:29]} Nxb2 {[%emt 0:06:13]} 29. g4 {[%emt 0:03:01]} f5 {[%emt 0:00:58]} 30. exf6 {[%emt 0:00:35]} Rxf6 {[%emt 0:02:55]} 31. g5 {[%emt 0:03:32]} Rxf3 {[%emt 0:01:06]} 32. Qxf3 {[%emt 0:00:30]} hxg5 {[%emt 0:01:23]} 33. Ra7 {[%emt 0:03:16]} Rc7 {[%emt 0:17:10]} 34. Rea1 {[%emt 0:00:48]} bxc3 {[%emt 0:02:41]} 35. Rxc7 {[%emt 0:00:51]} Qxc7 {[%emt 0:00:02]} 36. Ra8 {[%emt 0:00:11]} Kg6 {[%emt 0:04:59]} 37. Rh8 {[%emt 0:00:13]} Nd3 {[%emt 0:03:21]} 38. Qh5+ {[%emt 0:02:41]} Kf5 {[%emt 0:00:02]} 39. Qf7+ {[%emt 0:00:20]} Ke4 {[%emt 0:00:50]} 40. Qxe6+ {[%emt 0:05:22]} Ne5 {[%emt 0:00:41]} 41. dxe5 {[%emt 0:31:20]} Qxe5 {[%emt 0:32:15]} 42. f3+ {[%emt 0:00:24]} 1-0

[Event "8. Arber-Schachopen 2019"]
[Site "Bodenmais"]
[Date "2019.08.04"]
[Round "9.24"]
[White "Navarro Gevers, Daniel"]
[Black "Mattes, Heinz"]
[Result "0-1"]
[WhiteElo "1813"]
[BlackElo "1953"]
[Annotator "NA"]
[PlyCount "62"]
[EventDate "2019.07.27"]
[EventCountry "GER"]
[SourceTitle "playchess.com"]
[Source "ChessBase"]
[SourceQuality "1"]
[TimeControl "40/5400+30:1800+30"]

1. d4 {[%emt 0:00:00]} Nf6 {[%emt 0:00:00]} 2. Bg5 {[%emt 0:00:00]} e6 {[%emt 0:03:37]} 3. e4 {[%emt 0:02:01]} Be7 {[%emt 0:03:53]} 4. Bd3 {[%emt 0:01:19]} d5 {[%emt 0:10:44]} 5. e5 {[%emt 0:01:32]} Nfd7 {[%emt 0:02:57]} 6. Be3 {[%emt 0:02:31]} c5 {[%emt 0:00:27]} 7. Qg4 {[%emt 0:02:34]} g6 {[%emt 0:01:53]} 8. c3 {[%emt 0:07:32]} Nc6 {[%emt 0:01:28]} 9. Nd2 {[%emt 0:01:57]} Qb6 {[%emt 0:04:14]} 10. b3 {[%emt 0:09:49]} cxd4 {[%emt 0:03:58]} 11. cxd4 {[%emt 0:01:46]} Qb4 {[%emt 0:02:03]} 12. Qf4 {[%emt 0:15:44]} Qc3 {[%emt 0:01:26]} 13. Rd1 {[%emt 0:07:05]} Qxd3 {[%emt 0:01:20]} 14. Ndf3 {[%emt 0:02:37]} Bb4+ {[%emt 0:00:44]} 15. Bd2 {[%emt 0:00:54]} Qe4+ {[%emt 0:04:51]} 16. Qxe4 {[%emt 0:00:10]} dxe4 {[%emt 0:00:06]} 17. Ng5 {[%emt 0:00:14]} Nxd4 {[%emt 0:00:35]} 18. Nxe4 {[%emt 0:02:36]} Nc2+ {[%emt 0:09:22]} 19. Kf1 {[%emt 0:01:28]} Nxe5 {[%emt 0:00:44]} 20. Bh6 {[%emt 0:04:51]} Nd7 {[%emt 0:08:26]} 21. Nf3 {[%emt 0:11:23]} Be7 {[%emt 0:02:10]} 22. g3 {[%emt 0:02:49]} Nb4 {[%emt 0:00:57]} 23. a3 {[%emt 0:00:50]} Nd5 {[%emt 0:00:20]} 24. b4 {[%emt 0:00:32]} N7f6 {[%emt 0:03:10]} 25. Nc5 {[%emt 0:01:44]} b6 {[%emt 0:00:55]} 26. Nb3 {[%emt 0:01:03]} Bb7 {[%emt 0:00:58]} 27. Kg2 {[%emt 0:00:15]} Ng4 {[%emt 0:02:39]} 28. Bg7 {[%emt 0:00:14]} Rg8 {[%emt 0:00:06]} 29. Bb2 {[%emt 0:00:10]} Bf6 {[%emt 0:00:17]} 30. Bxf6 {[%emt 0:00:34]} Ndxf6 {[%emt 0:01:27]} 31. Rhe1 {[%emt 0:00:09]} Nxh2 {[%emt 0:04:15]} 0-1

[Event "8. Arber-Schachopen 2019"]
[Site "Bodenmais"]
[Date "2019.08.04"]
[Round "9.25"]
[White "Simacek, Vaclav"]
[Black "Fruehe, Norbert"]
[Result "0-1"]
[WhiteElo "1809"]
[BlackElo "1936"]
[Annotator "NA"]
[PlyCount "80"]
[EventDate "2019.07.27"]
[EventCountry "GER"]
[SourceTitle "playchess.com"]
[Source "ChessBase"]
[SourceQuality "1"]
[TimeControl "40/5400+30:1800+30"]

1. e4 {[%emt 0:00:00]} e5 {[%emt 0:00:00]} 2. Nc3 {[%emt 0:00:00]} Nf6 {[%emt 0:00:00]} 3. f4 {[%emt 0:00:00]} d5 {[%emt 0:00:00]} 4. exd5 {[%emt 0:00:32]} Nxd5 {[%emt 0:01:53]} 5. fxe5 {[%emt 0:00:19]} Qh4+ {[%emt 0:07:52]} 6. g3 {[%emt 0:00:17]} Nxc3 {[%emt 0:00:33]} 7. gxh4 {[%emt 0:00:08]} Nxd1 {[%emt 0:00:14]} 8. Kxd1 {[%emt 0:00:04]} Nc6 {[%emt 0:06:15]} 9. Nf3 {[%emt 0:01:38]} Bg4 {[%emt 0:01:59]} 10. Be2 {[%emt 0:00:10]} O-O-O {[%emt 0:04:26]} 11. Rf1 {[%emt 0:05:29]} Bxf3 {[%emt 0:05:21]} 12. Rxf3 {[%emt 0:00:15]} Nxe5 {[%emt 0:00:57]} 13. Rg3 {[%emt 0:08:15]} Rd4 {[%emt 0:07:22]} 14. h5 {[%emt 0:02:52]} Rh4 {[%emt 0:07:53]} 15. Rg2 {[%emt 0:00:08]} f5 {[%emt 0:05:02]} 16. d3 {[%emt 0:00:07]} f4 {[%emt 0:02:20]} 17. Rg5 {[%emt 0:07:52]} f3 {[%emt 0:06:17]} 18. Rxe5 {[%emt 0:00:31]} fxe2+ {[%emt 0:00:17]} 19. Rxe2 {[%emt 0:00:06]} Bd6 {[%emt 0:04:01]} 20. Be3 {[%emt 0:03:26]} Rxh5 {[%emt 0:18:25]} 21. Kd2 {[%emt 0:00:40]} Rxh2 {[%emt 0:01:20]} 22. Rxh2 {[%emt 0:04:17]} Bxh2 {[%emt 0:00:02]} 23. Bd4 {[%emt 0:00:07]} Bf4+ {[%emt 0:04:24]} 24. Kc3 {[%emt 0:01:54]} Rg8 {[%emt 0:00:12]} 25. Re1 {[%emt 0:03:45]} Kd7 {[%emt 0:02:54]} 26. Re4 {[%emt 0:00:56]} Bd6 {[%emt 0:01:36]} 27. Rg4 {[%emt 0:01:01]} g6 {[%emt 0:00:37]} 28. Rg2 {[%emt 0:04:24]} g5 {[%emt 0:02:41]} 29. Kd2 {[%emt 0:03:16]} h5 {[%emt 0:01:16]} 30. Ke2 {[%emt 0:00:24]} h4 {[%emt 0:01:05]} 31. Rg4 {[%emt 0:05:05]} h3 {[%emt 0:04:09]} 32. Kf1 {[%emt 0:00:12]} Rf8+ {[%emt 0:00:34]} 33. Kg1 {[%emt 0:00:08]} Rf4 {[%emt 0:00:27]} 34. Rxf4 {[%emt 0:01:32]} Bxf4 {[%emt 0:00:09]} 35. c4 {[%emt 0:00:20]} a6 {[%emt 0:00:27]} 36. b4 {[%emt 0:00:16]} Ke6 {[%emt 0:00:29]} 37. a4 {[%emt 0:00:16]} Kf5 {[%emt 0:02:12]} 38. Bc3 {[%emt 0:01:56]} g4 {[%emt 0:00:28]} 39. b5 {[%emt 0:00:12]} g3 {[%emt 0:00:38]} 40. Bd4 {[%emt 0:00:59]} Kg4 {[%emt 0:00:28]} 0-1